000 00700nam a2200217Ia 4500
005 20230210154030.0
008 210716s1999 xx 000 0 und d
020 _a9789812400505
040 _cAIMIT LIBRARY
041 _aeng
082 _a004.65
_21
_bSHAW
100 _aShay, William A.
_971883
245 _aUnderstanding data communications and networks /
_cBy William A Shay.
250 _a2nd ed.
260 _aNew Delhi :
_bVikas Publishing House Pvt Ltd ,
_c1999.
300 _axx,711p. ;
_c24 cm.
650 _aTransmission fundamentals
_971884
650 _aData security and integrity
_971885
650 _aAdditional network protocols
_971886
942 _2ddc
_cBK
_e2nd
_k004.65 SHAW
999 _c184406
_d184406